000
00310nam a2200121Ia 4500
008
190216s9999||||xx |||||||||||||| ||und||
100
_a
Majumdar Raychaudhuri & Dutta
245
0
_a
Prachina Bharatham
260
_b
Kerala Bhasha Institute
_c
1985
300
_a
305p
650
_a
Indian History
942
_c
BK
999
_c
37532
_d
37532